| 000 | 00487nam a2200181Ia 4500 | ||
|---|---|---|---|
| 008 | 140306s9999 xx 000 0 und d | ||
| 020 | _a059052285X | ||
| 050 |
_aQC 966.5 _b.H66 1999 |
||
| 100 | _aHopping, Lorraine Jean | ||
| 245 |
_aLightning! / _cLorraine Jean Hoppin. |
||
| 260 |
_aNew York : _bScholastic Inc., _c1999 |
||
| 300 |
_a47 p. _bcol. ill. ; _c23 cm. |
||
| 521 | _aG4 | ||
| 526 | _c600 | ||
| 650 |
_aLightning _xJuvenile literature. |
||
| 942 | _cBK | ||
| 999 |
_c42612 _d42612 |
||